Statistics for Julie and the Phantoms : Stand tall

Click here to take the quiz!

General Stats

  • This quiz has been taken 9 times
  • The average score is 236 of 296

Answer Stats

HintAnswer% Correct
Even
100%
I
100%
if
100%
I'm
100%
I'ma
100%
last
100%
stand
100%
Stand
100%
standing
100%
tall
100%
the
100%
'Cause
80%
down
80%
every
80%
everything
80%
going
80%
happens
80%
in
80%
it
80%
it,
80%
mind
80%
more
80%
my
80%
of
80%
on,
80%
on
80%
One
80%
one,
80%
one
80%
out
80%
that
80%
That
80%
three,
80%
times
80%
try
80%
two,
80%
| Bridge | ChorusWhatever
80%
when
80%
a
60%
back
60%
catch
60%
eyes
60%
fast
60%
feeling
60%
fire
60%
for
60%
four
60%
gotta
60%
it's
60%
Keep
60%
keep
60%
look
60%
loving
60%
minute
60%
never
60%
Never
60%
night
60%
no
60%
No
60%
now
60%
Second VerseRight
60%
rushing
60%
thing
60%
to
60%
all
40%
and
40%
Pre-Chorus | Pre-chorusAnd
40%
apart
40%
beginning
40%
blink,
40%
Can't
40%
Don't
40%
don't
40%
dreaming
40%
everything's
40%
falling
40%
forget
40%
heart
40%
holding
40%
I'll
40%
is
40%
know
40%
let
40%
Light
40%
miss
40%
myself
40%
Ooh,
40%
ooh
40%
want
40%
with
40%
Yeah
40%
dark
20%
downs
20%
glowing
20%
Hands
20%
Like
20%

Score Distribution

Percentile by Number Answered

Percent of People with Each Score

Your Score History

You have not taken this quiz